| 000 | 01193cab a22002055a 4500 | ||
|---|---|---|---|
| 001 | L144732 | ||
| 008 | 080806s2008 xxk f 000 0 eng d | ||
| 035 | _a(Sirsi) u144732 | ||
| 041 | 0 | _aeng | |
| 100 | 1 | _aEdge, Jeremy | |
| 245 | 0 | 0 |
_aCommunity infrastructure levy _bdo we need it? |
| 260 | _c2008 | ||
| 490 |
_aProperty Forecast _v11(7) July 2008, 4-5(2) |
||
| 520 | _aArticle looks at the proposed introduction of the community infrastructure levy (CIL) in light of the failure of the government to introduce planning gain supplement (PGS). Suggests that the CIL could have a detrimental affect upon the availability of affordable housing, as the proposed structure would see an awkward balance between CIL and scaled back S106 agreements to develop affordable properties. Posits that many local authorities are balancing the needs of developers and the communities in which they develop well and argues that additional taxes are an unwise decision during a period of financial downturn. | ||
| 650 | 2 | 4 | _aCOMMUNITY INFRASTRUCTURE LEVY |
| 651 | 4 |
_aEngland and Wales _y1543- |
|
| 690 |
_aPlanning and development _96259 |
||
| 690 | _aPROPERTY-RESIDENTIAL PROPERTY-HOUSING | ||
| 942 | _n0 | ||
| 999 |
_c80561 _d80561 |
||